Detalles MARC
| 000 -LEADER |
| fixed length control field |
01771nam a2200433 a 4500 |
| 005 - FECHA ULTIMA MODIFICACION |
| control field |
20240221120722.0 |
| 008 - CAMPO DE CONTROL (LIBRO) |
| fixed length control field |
110328s1998||||ag f |||| 001 0 spa d |
| 020 ## - INTERNATIONAL STANDARD BOOK NUMBER |
| ISBN |
S/N |
| 041 ## - CODIGO DE IDIOMA |
| Código de idioma del texto/pista de sonido o título separado |
spa |
| 092 ## - SIGNATURA TOPOGRAFICA DEWEY LOCAL |
| número de clasificación |
618.3 |
| libristica |
68 |
| sección |
PRO |
| 110 1# - ENTRADA PRINCIPAL-AUTOR CORPORATIVO |
| Nombre de la institución, jurisdicción como entrada principal |
Argentina. Ministerio de Salud y Acción Social de la Nación. |
| Unidad subordinada |
Secretaria de Programas de Salud. Subsecretaria de Atención Comunitaria. Dirección de Salud Materno Infantil. |
| 9 (RLIN) |
697 |
| 245 ## - TITULO PROPIAMENTE DICHO |
| Título |
Propuesta Normativa Perinatal. |
| Subtítulo y Título paralelo |
T.4 Atención del parto de riesgo / |
| Mención de responsabilidad y remanente de la transcripción de la portada |
Ministerio de Salud y Acción Social de la Nación. |
| 250 ## - MENCION DE EDICION |
| Mención de edición |
1a ed. |
| 260 ## - PIE DE IMPRENTA |
| Lugar de publicación, distribución, etc |
Buenos Aires: |
| Nombre de la editorial, distribuidor, etc |
Ministerio de Salud y Acción Social de la Nación; |
| Fecha de publicación |
1998. |
| 300 ## - DESCRIPCION FISICA |
| Extension |
96 p. |
| 500 ## - NOTA GENERAL |
| Nota general |
Argentina. Ministerio de Salud y Acción Social de la Nación. Dirección de Salud Materno Infantil (1998). Propuesta Normativa Perinatal. T.4 Atención al parto del riesgo. (1a ed.). Buenos Aires : Ministerio de Salud y Acción Social de la Nación. |
| 590 ## - NOTAS LOCALES (RLIN) |
| Nota local |
Donación de Subsecretaria de Salud, Feb. 2011. |
| 653 ## - TÉRMINO INDIZADO - PALABRAS CLAVES |
| Palabra clave |
Parto de riesgo |
| 653 ## - TÉRMINO INDIZADO - PALABRAS CLAVES |
| Palabra clave |
Parto de riesgo por distocia |
| 653 ## - TÉRMINO INDIZADO - PALABRAS CLAVES |
| Palabra clave |
Admisión de la embaraza de riesgo |
| 653 ## - TÉRMINO INDIZADO - PALABRAS CLAVES |
| Palabra clave |
Periodo de dilatación patológica |
| 653 ## - TÉRMINO INDIZADO - PALABRAS CLAVES |
| Palabra clave |
Atención del parto de riesgo. Periodo expulsivo patológico |
| 653 ## - TÉRMINO INDIZADO - PALABRAS CLAVES |
| Palabra clave |
Periodo placentario patológico |
| 653 ## - TÉRMINO INDIZADO - PALABRAS CLAVES |
| Palabra clave |
Morbilidad y mortalidad materna post parto |
| 653 ## - TÉRMINO INDIZADO - PALABRAS CLAVES |
| Palabra clave |
Recién nacido del parto de riesgo |
| 653 ## - TÉRMINO INDIZADO - PALABRAS CLAVES |
| Palabra clave |
Control de la integridad del binomio madre hijo |
| 653 ## - TÉRMINO INDIZADO - PALABRAS CLAVES |
| Palabra clave |
Normas de seguridad institucional |
| 930 ## - NUMERO DE INVENTARIO |
| Número de inventario |
2190 |
| 930 ## - NUMERO DE INVENTARIO |
| Número de inventario |
2191 |
| 930 ## - NUMERO DE INVENTARIO |
| Número de inventario |
2192 |
| 930 ## - NUMERO DE INVENTARIO |
| Número de inventario |
2193 |
| 930 ## - NUMERO DE INVENTARIO |
| Número de inventario |
2194 |
| 930 ## - NUMERO DE INVENTARIO |
| Número de inventario |
2195 |
| 930 ## - NUMERO DE INVENTARIO |
| Número de inventario |
2196 |
| 930 ## - NUMERO DE INVENTARIO |
| Número de inventario |
2197 |
| 930 ## - NUMERO DE INVENTARIO |
| Número de inventario |
2198 |
| 930 ## - NUMERO DE INVENTARIO |
| Número de inventario |
2199 |
| 942 ## - ADDED ENTRY ELEMENTS (KOHA) |
| Source of classification or shelving scheme |
Dewey Decimal Classification |
| Item type |
Libros |